Strength of dilating soil and load-holding capacity of deep foundations : (Record no. 546372)

000 -LEADER
fixed length control field 00773cam a22002057a 4500
020 ## - INTERNATIONAL STANDARD BOOK NUMBER
International Standard Book Number 9054101644
082 00 - DEWEY DECIMAL CLASSIFICATION NUMBER
Classification number 624.15136
Author Mark SOB
-- L-38, P-60
100 1# - MAIN ENTRY--PERSONAL NAME
Personal name Sobolevsky, Dmitry Yu.,
9 (RLIN) 42489
245 10 - TITLE STATEMENT
Title Strength of dilating soil and load-holding capacity of deep foundations :
Remainder of title introduction to theory and practical application /
Statement of responsibility, etc. Dmitry Yu. Sobolevsky.
260 ## - PUBLICATION, DISTRIBUTION, ETC.
Place of publication, distribution, etc. Rotterdam ;
-- Brookfield, Vt. :
Name of publisher, distributor, etc. A.A. Balkema,
Date of publication, distribution, etc. 1995.
300 ## - PHYSICAL DESCRIPTION
Extent x, 244 p. :
Other physical details ill. ;
Dimensions 25 cm.
526 ## - STUDY PROGRAM INFORMATION NOTE
Program name 0
Interest level 0
Reading level 0
Title point value 624_151360000000000_SOB
650 #0 - SUBJECT ADDED ENTRY--TOPICAL TERM
Topical term or geographic name entry element Foundations.
9 (RLIN) 892
650 #0 - SUBJECT ADDED ENTRY--TOPICAL TERM
Topical term or geographic name entry element MCE
9 (RLIN) 379
650 #0 - SUBJECT ADDED ENTRY--TOPICAL TERM
Topical term or geographic name entry element Soil mechanics.
650 #0 - SUBJECT ADDED ENTRY--TOPICAL TERM
Topical term or geographic name entry element Soils
General subdivision Testing.
9 (RLIN) 21515
650 #0 - SUBJECT ADDED ENTRY--TOPICAL TERM
Topical term or geographic name entry element Swelling soils.
9 (RLIN) 42490
856 42 - ELECTRONIC LOCATION AND ACCESS
Uniform Resource Identifier <a href="http://www.loc.gov/catdir/enhancements/fy0916/99226566-d.html">http://www.loc.gov/catdir/enhancements/fy0916/99226566-d.html</a>
942 ## - ADDED ENTRY ELEMENTS (KOHA)
Source of classification or shelving scheme
Koha item type Book
Holdings
Withdrawn status Lost status Source of classification or shelving scheme Damaged status Not for loan Permanent Location Current Location Date acquired Total Checkouts Full call number Barcode Date last seen Price effective from Koha item type
          Military College of Engineering (MCE) Military College of Engineering (MCE) 06/11/2014   624.15136 SOB MCE-29634 06/11/2014 06/11/2014 Book
© 2023 Central Library, National University of Sciences and Technology. All Rights Reserved.